¿Qué quedo de la emergencia económica? / (Registro nro. 5512)

Detalles MARC
000 -LEADER
fixed length control field 01404nam a2200289Ia 4500
003 - CONTROL NUMBER IDENTIFIER
control field OSt
005 - DATE AND TIME OF LATEST TRANSACTION
control field 20200709140543.0
008 - FIXED-LENGTH DATA ELEMENTS--GENERAL INFORMATION
fixed length control field 191128s1983 ck gr 000 0dspa d
040 ## - CATALOGING SOURCE
Original cataloging agency CO-JMCR
Transcribing agency CO-JMCR
041 0# - LANGUAGE CODE
Language code of text/sound track or separate title spa
082 04 - DEWEY DECIMAL CLASSIFICATION NUMBER
Classification number 330.986 /
Item number C172q
Edition number 23
110 1# - MAIN ENTRY--CORPORATE NAME
Corporate name or jurisdiction name as entry element Colombia. Camára de Comercio de Bogotá
9 (RLIN) 6916
245 10 - TITLE STATEMENT
Title ¿Qué quedo de la emergencia económica? /
Statement of responsibility, etc. Cámara de Comercio de Bogotá ; coordinadora Cecilia Acevedo de Molano, Alonso Franco Botero
260 ## - PUBLICATION, DISTRIBUTION, ETC.
Place of publication, distribution, etc. Bogotá :
Name of publisher, distributor, etc. [Camára de Comercio de Bogotá],
Date of publication, distribution, etc. 1983.
300 ## - PHYSICAL DESCRIPTION
Extent xiv, 272 páginas ;
Dimensions 23 cm.
490 0# - SERIES STATEMENT
Series statement Biblioteca de la Camara de Comercio de Bogotá
500 ## - GENERAL NOTE
General note Incluye índice alfabético por materias páginas 261-272.
505 0# - FORMATTED CONTENTS NOTE
Formatted contents note Decretos legislativos (exequibles e inexequibles) -- Jurisprudencia de la Corte Suprema de Justicia -- Comentarios de gremios y expertos -- Proyectos de ley presentados por el gobierno al Congreso -- Motivación de los proyectos de ley
650 14 - SUBJECT ADDED ENTRY--TOPICAL TERM
Topical term or geographic name entry element Hacienda pública
Geographic subdivision Colombia
9 (RLIN) 6814
650 24 - SUBJECT ADDED ENTRY--TOPICAL TERM
Topical term or geographic name entry element Elaboración del presupuesto
Geographic subdivision Colombia
9 (RLIN) 6917
650 24 - SUBJECT ADDED ENTRY--TOPICAL TERM
Topical term or geographic name entry element Régimen presupuestal
Geographic subdivision Colombia
9 (RLIN) 6918
650 24 - SUBJECT ADDED ENTRY--TOPICAL TERM
Topical term or geographic name entry element Estado de emergencia
General subdivision Legislación
Geographic subdivision Colombia
9 (RLIN) 6919
650 24 - SUBJECT ADDED ENTRY--TOPICAL TERM
Topical term or geographic name entry element Estado de excepción
Geographic subdivision Colombia
9 (RLIN) 6920
700 1# - ADDED ENTRY--PERSONAL NAME
Personal name Acevedo de Molano, Cecilia,
Relator term coordinadora
9 (RLIN) 6921
700 1# - ADDED ENTRY--PERSONAL NAME
Personal name Botero, Alonso Franco,
Relator term coordinador
9 (RLIN) 6922
942 ## - ADDED ENTRY ELEMENTS (KOHA)
Source of classification or shelving scheme Dewey Decimal Classification
Koha item type Books
Existencias
Withdrawn status Lost status Source of classification or shelving scheme Materials specified (bound volume or other part) Damaged status Not for loan Home library Current library Shelving location Date acquired Source of acquisition Full call number Barcode Date last seen Copy number Price effective from Koha item type
    Dewey Decimal Classification Donación--15/04/2018--     Biblioteca Pública José María del Castillo y Rada Biblioteca Pública José María del Castillo y Rada General Stacks 11/28/2019 Donación 330.986 / C172q 430002204 05/16/2024 Ej.1 11/28/2019 Books